000
00260nam a2200097Ia 4500
001
997519
005
20250826221525.0
008
250824s9999 xx 000 0 und d
245
0
_a
ŞİMDİ YENİLİK ZAMANI
_c
ALİ KARAÇAM
260
_b
GENÇ HAYAT ÇOCUK YAYINLARI
999
_c
997519
_d
997519